| 000 -LEADER |
| fixed length control field |
01519cem a22003614a 4500 |
| 001 - CONTROL NUMBER |
| control field |
13162206 |
| 005 - DATE AND TIME OF LATEST TRANSACTION |
| control field |
20170105102914.0 |
| 007 - PHYSICAL DESCRIPTION FIXED FIELD--GENERAL INFORMATION |
| fixed length control field |
aj canzn |
| 008 - FIXED-LENGTH DATA ELEMENTS--GENERAL INFORMATION |
| fixed length control field |
030414s2003 enk e 1 eng |
| 010 ## - LIBRARY OF CONGRESS CONTROL NUMBER |
| LC control number |
2003055009 |
| Canceled/invalid LC control number |
2003048217 |
| 020 ## - INTERNATIONAL STANDARD BOOK NUMBER |
| International Standard Book Number |
0333994035 (hbk.) |
| 020 ## - INTERNATIONAL STANDARD BOOK NUMBER |
| International Standard Book Number |
0333994043 (pbk.) |
| 034 0# - CODED CARTOGRAPHIC MATHEMATICAL DATA |
| Category of scale |
a |
| 040 ## - CATALOGING SOURCE |
| Original cataloging agency |
DLC |
| Transcribing agency |
DLC |
| Modifying agency |
DLC |
| 042 ## - AUTHENTICATION CODE |
| Authentication code |
pcc |
| 050 00 - LIBRARY OF CONGRESS CALL NUMBER |
| Classification number |
G1035 |
| Item number |
.S9 2003 |
| 052 ## - GEOGRAPHIC CLASSIFICATION |
| Geographic classification area code |
3201 |
| Geographic classification subarea code |
S73 |
| 082 00 - DEWEY DECIMAL CLASSIFICATION NUMBER |
| Classification number |
909.82/5/0223 |
| Edition number |
21 |
| 100 1# - MAIN ENTRY--PERSONAL NAME |
| Personal name |
Swift, John, |
| Dates associated with a name |
1957- |
| 245 14 - TITLE STATEMENT |
| Title |
The Palgrave concise historical atlas of the Cold War / |
| Statement of responsibility, etc. |
John Swift. |
| 255 ## - CARTOGRAPHIC MATHEMATICAL DATA |
| Statement of scale |
Scales differ. |
| 260 ## - PUBLICATION, DISTRIBUTION, ETC. |
| Place of publication, distribution, etc. |
Houndmills, Basingstoke, Hampshire ; |
| -- |
New York : |
| Name of publisher, distributor, etc. |
Palgrave Macmillan, |
| Date of publication, distribution, etc. |
2003. |
| 300 ## - PHYSICAL DESCRIPTION |
| Extent |
1 atlas (1 v. (various pagings)) : |
| Other physical details |
col. maps ; |
| Dimensions |
25 cm. |
| 504 ## - BIBLIOGRAPHY, ETC. NOTE |
| Bibliography, etc. note |
Includes bibliographical references (p. 111-112) and index. |
| 650 #0 - SUBJECT ADDED ENTRY--TOPICAL TERM |
| Topical term or geographic name entry element |
Cold War |
| Form subdivision |
Maps. |
| 650 #0 - SUBJECT ADDED ENTRY--TOPICAL TERM |
| Topical term or geographic name entry element |
Historical geography |
| Form subdivision |
Maps. |
| 856 42 - ELECTRONIC LOCATION AND ACCESS |
| Materials specified |
Contributor biographical information |
| Uniform Resource Identifier |
<a href="http://www.loc.gov/catdir/bios/hol053/2003055009.html">http://www.loc.gov/catdir/bios/hol053/2003055009.html</a> |
| 856 42 - ELECTRONIC LOCATION AND ACCESS |
| Materials specified |
Publisher description |
| Uniform Resource Identifier |
<a href="http://www.loc.gov/catdir/description/hol041/2003055009.html">http://www.loc.gov/catdir/description/hol041/2003055009.html</a> |
| 856 41 - ELECTRONIC LOCATION AND ACCESS |
| Materials specified |
Table of contents |
| Uniform Resource Identifier |
<a href="http://www.loc.gov/catdir/toc/hol041/2003055009.html">http://www.loc.gov/catdir/toc/hol041/2003055009.html</a> |
| 906 ## - LOCAL DATA ELEMENT F, LDF (RLIN) |
| a |
7 |
| b |
cbc |
| c |
orignew |
| d |
1 |
| e |
ocip |
| f |
20 |
| g |
y-geogmaps |
| 942 ## - ADDED ENTRY ELEMENTS (KOHA) |
| Source of classification or shelving scheme |
|
| Koha item type |
Book |